Statistics for 2017/18 World Football Champions

Click here to take the quiz!

General Stats

  • This quiz has been taken 24 times
  • The average score is 9 of 18

Answer Stats

LeagueAnswer% Correct
La LigaBarcelona
100%
Serie AJuventus
100%
Premier LeagueManchester City
100%
BundesligaBayern Munich
95%
ErediviseAjax
86%
Ligue 1Paris Saint-Germain
77%
Scottish PremiershipCeltic
73%
Liga NOSPorto
64%
Superliga ArgentinaBoca Juniors
50%
EFL ChampionshipWolves
32%
Superleague (Greece)AEK Athens
27%
Süper Lig (Turkey)Galatasary
27%
Premjer-Liga (Russia)Lokomotiv Moscow
27%
A-LeagueMelbourne Victory
23%
Ligue 2Stade de Reims
14%
Serie BEmpoli
9%
2. BundesligaDüsseldorf
5%
Segunda DivisionRayo Vallecano
5%

Score Distribution

Percentile by Number Answered

Percent of People with Each Score

Your Score History

You have not taken this quiz